Solaris internals : core kernel components /

Guardado en:
Autor Principal: Mauro, Jim
Otros Autores: McDougall, Richard.
Formato: Libro
Idioma:English
Publicado: Palo Alto, CA : Sun Microsystems, Inc., c2001.
Materias:
Etiquetas: Agregar Etiqueta
Sin Etiquetas, Sea el primero en etiquetar este registro!
LEADER 00738cam a2200217 a 4500
001 DCC.dcic000821
008 010126s2001####cau######b####001#0#eng#d
005 20151125104100.0
245 1 0 |a Solaris internals :  |b core kernel components /  |c Jim Mauro and Richard McDougall. 
260 |a Palo Alto, CA :  |b Sun Microsystems, Inc.,  |c c2001. 
300 |a xli, 657 p. :  |b il. ;  |c 24 cm. 
504 |a Incluye referencias bibliográficas (p. 635-637) e índice. 
020 |a 0130224960 
100 1 |a Mauro, Jim 
700 1 |a McDougall, Richard. 
650 0 |a Operating systems (Computers) 
630 0 0 |a Solaris (Computer file) 
010 |a  2001274321 
040 |a VYR  |c VYR  |d DLC 
050 0 0 |a QA76.76.O63  |b M37195 2001 
859 |a DCIC  |b BIB. COMPUTACION  |p 1235